Zamestnanci či tajní agenti

Pojem hodnotiace a rozvojové centrum pochádzajúce z aglického assessment and development center (AC/DC). Ako vznikol prvotný projekt na hodnotenie osobnosti. Činnosť hodnotiaceho a rozvojového centra v praxi. Hodnotiace kritériá. Testovanie zamestnancov.

Na minha lista:
Detalhes bibliográficos
Autor principal: Fričová, Lucia
Formato: Capítulo de Livro
Idioma:eslovaco
Assuntos:
Tags: Adicionar Tag
Sem tags, seja o primeiro a adicionar uma tag!

MARC

LEADER 00000naa a2200000 4500
001 0122213
005 20231009103229.8
041 0 |a slo 
044 |a SK 
245 1 0 |a Zamestnanci či tajní agenti  |c Lucia Fričová 
520 |a Pojem hodnotiace a rozvojové centrum pochádzajúce z aglického assessment and development center (AC/DC). Ako vznikol prvotný projekt na hodnotenie osobnosti. Činnosť hodnotiaceho a rozvojového centra v praxi. Hodnotiace kritériá. Testovanie zamestnancov. 
610 2 0 |a práca personálna 
610 2 0 |a zamestnanci 
610 2 0 |a výber zamestnania 
610 2 0 |a práca 
610 2 0 |a zamestnanosť 
610 2 0 |a nezamestnanosť 
610 2 0 |a agentúry 
100 1 |a Fričová, Lucia